| 000 | 00517nam a2200169Ia 4500 | ||
|---|---|---|---|
| 008 | 180207s9999 xx 000 0 und d | ||
| 020 | _a9789715162456 | ||
| 050 | _bV822 2006 | ||
| 100 | _aVisaya, Lourdes C. | ||
| 245 | _aCami cat and the cockoo bird / | ||
| 245 | _cLourdes C. Visaya ; illustrated by Larry A. Diolola ; colors by Lloyd Guiller D. Ybera. | ||
| 260 | _aPhilippines : | ||
| 260 | _bMerryland Publishing Corporation. | ||
| 260 | _c2006 | ||
| 300 | _aunpaged : | ||
| 300 | _bcolor illustrations ; | ||
| 999 |
_c355887 _d355887 |
||